Kijelölték a Csongrád megye választási elnökséget és bizottságait Ülést tartott a népfront megyei bizottságának elnöksége /

Elmentve itt :
Bibliográfiai részletek
Szerző: Somogyi Károlyné
Dokumentumtípus: Cikk
Megjelent: 1967-01-10
Sorozat:Délmagyarország 57 No. 8
Kulcsszavak:Siklós János, Katona Sándor, Hazafias Népfront, Országgyűlési képviselő-választás Szeged 1967
Online Access:http://dmarchiv.bibl.u-szeged.hu/71941
LEADER 00657nab a2200157 i 4500
001 delm71941
005 20180928082408.0
008 180928s1967 hu o 0|| hun d
040 |a SZTE Délmagyarország Archívum  |b hun 
041 |a hun 
100 1 |a Somogyi Károlyné 
245 1 0 |a Kijelölték a Csongrád megye választási elnökséget és bizottságait   |h [elektronikus dokumentum] :  |b Ülést tartott a népfront megyei bizottságának elnöksége /  |c  Somogyi Károlyné 
260 |c 1967-01-10 
300 |a 1 
490 0 |a Délmagyarország  |v 57 No. 8 
695 |a Siklós János, Katona Sándor, Hazafias Népfront, Országgyűlési képviselő-választás Szeged 1967